[Event "London Classic op"]
[Site "London"]
[Date "2017.12.04"]
[Round "4"]
[White "Mulay, Partha"]
[Black "Voss, Gunther"]
[Result "0-1"]
[WhiteElo "1892"]
[BlackElo "2118"]
[PlyCount "120"]
[EventDate "2017.12.02"]
[EventType "swiss"]
[EventRounds "9"]
[EventCountry "ENG"]
[SourceTitle "CBM 182 Extra"]
[Source "ChessBase"]
[SourceDate "2018.02.23"]
[SourceVersion "1"]
[SourceVersionDate "2018.02.23"]
[SourceQuality "1"]

1. e4 c5 2. Nc3 a6 3. Nge2 e6 4. g3 Nc6 5. Bg2 Nf6 6. 0-0 h5 7. h3 b5 8. e5 Ng8 9. d3 Qc7 10. f4 d6 11. d4 cxd4 12. Nxd4 Nxd4 13. Bxa8 d5 14. Be3 Nf5 15. Bf2 Bc5 16. Nxd5 exd5 17. Qxd5 Bxf2+ 18. Rxf2 Nge7 19. Qd3 0-0 20. Rd1 h4 21. g4 Ng3 22. Qd6 Qa7 23. Bg2 Ng6 24. Qd4 Qc7 25. a3 Re8 26. Qd6 Qxd6 27. exd6 Bd7 28. Kh2 f5 29. g5 Ne4 30. Bxe4 Rxe4 31. Rd3 Nxf4 32. Rc3 Ng6 33. Rc7 Ne5 34. Ra7 Re1 35. Rxa6 g6 36. Ra8+ Kf7 37. Ra7 Ke6 38. Ra6 Bc6 39. Rxc6 Nxc6 40. Rd2 Ne5 41. Kg2 Rg1+ 42. Kf2 Rh1 43. Rd4 Rh2+ 44. Kf1 Rxc2 45. Rb4 Rc5 46. Rxh4 Rc4 47. Rh8 Kxd6 48. h4 Rc2 49. h5 gxh5 50. Rxh5 Ke6 51. Rh6+ Kd5 52. b4 Rc6 53. Rh8 Rg6 54. a4 bxa4 55. Ra8 Rxg5 56. Rxa4 Rg6 57. Ke2 Rb6 58. Ke3 Ke6 59. Kd4 Rxb4+ 60. Rxb4 Nc6+ 0-1

[Event "Maastricht Limburg op-A 8th"]
[Site "Maastricht"]
[Date "2014.06.08"]
[Round "5"]
[White "Voss, Gunther"]
[Black "Winkels, Marcel"]
[Result "1/2-1/2"]
[WhiteElo "2180"]
[BlackElo "1996"]
[PlyCount "97"]
[EventDate "2014.06.06"]
[EventType "swiss"]
[EventRounds "7"]
[EventCountry "NED"]
[SourceTitle "CBM 160 Extra"]
[Source "ChessBase"]
[SourceDate "2014.07.01"]
[SourceVersion "1"]
[SourceVersionDate "2014.07.01"]
[SourceQuality "1"]

1. e4 c5 2. Nf3 Nc6 3. d4 cxd4 4. Nxd4 e5 5. Nb5 d6 6. c4 Be7 7. N1c3 a6 8. Na3 f5 9. exf5 Bxf5 10. Bd3 Be6 11. Nc2 Nf6 12. Bg5 0-0 13. 0-0 Rc8 14. Ne3 Qd7 15. Rc1 Kh8 16. Bxf6 gxf6 17. Ncd5 Bd8 18. f4 Nd4 19. Qh5 Qf7 20. Qxf7 Rxf7 21. fxe5 dxe5 22. Rf2 f5 23. g3 Bg5 24. Rcf1 Rcf8 25. h4 Bh6 26. Kh2 e4 27. Be2 b5 28. Bh5 Rd7 29. b3 Rdd8 30. Rd1 Bg7 31. Rfd2 Nc6 32. Nf4 Rxd2+ 33. Rxd2 Bc8 34. Rd6 Nd4 35. Rd5 bxc4 36. Nxc4 Ne6 37. Nd6 Nxf4 38. gxf4 Be6 39. Ra5 Bh6 40. Rxa6 Bxf4+ 41. Kg1 Be3+ 42. Kf1 Bd4 43. Nb5 Bc8 44. Rc6 Bf6 45. Nd6 Bd7 46. Rc7 Be6 47. Bf7 Be5 48. Bxe6 Bxd6 49. Rc8 1/2-1/2

[Event "EU-Cup 29th"]
[Site "Rhodes"]
[Date "2013.10.26"]
[Round "7.2"]
[White "Voss, Gunther"]
[Black "Heap, Gerry"]
[Result "0-1"]
[WhiteElo "2154"]
[BlackElo "2010"]
[PlyCount "66"]
[EventDate "2013.10.20"]
[EventType "team-swiss"]
[EventRounds "7"]
[EventCountry "GRE"]
[SourceTitle "CBM 157"]
[Source "ChessBase"]
[SourceDate "2013.11.12"]
[SourceVersion "1"]
[SourceVersionDate "2013.11.12"]
[SourceQuality "1"]
[WhiteTeam "Muelheim"]
[BlackTeam "Cardigan"]
[WhiteTeamCountry "GER"]
[BlackTeamCountry "WLS"]

1. d4 Nf6 2. c4 e6 3. g3 c5 4. d5 exd5 5. cxd5 d6 6. Nc3 g6 7. Bg2 Bg7 8. Nf3 0-0 9. 0-0 a6 10. a4 Nbd7 11. Bf4 Qc7 12. h3 Rb8 13. e4 Nh5 14. Bg5 b5 15. axb5 axb5 16. g4 b4 17. Na4 Nhf6 18. e5 Ne4 19. exd6 Qxd6 20. Be3 Ba6 21. Re1 Rfe8 22. Qc1 Rbc8 23. Bf4 Qf8 24. Ne5 Nxe5 25. Bxe5 Bxe5 26. Rxe4 Bd3 27. Re1 Qd6 28. Qd1 c4 29. Rc1 Bf4 30. Ra1 Rxe1+ 31. Qxe1 Kf8 32. Qd1 Be5 33. Rc1 Qf6 0-1